Foundations of Information Technology (Record no. 20919)

MARC details
000 -LEADER
fixed length control field 00331nam a22001337a 4500
008 - FIXED-LENGTH DATA ELEMENTS--GENERAL INFORMATION
fixed length control field 240924b |||||||| |||| 00| 0 eng d
020 ## - INTERNATIONAL STANDARD BOOK NUMBER
ISBN 81-224-1490-7
100 ## - MAIN ENTRY--AUTHOR NAME
Personal name D S Yadav
245 ## - TITLE STATEMENT
Title Foundations of Information Technology
260 ## - PUBLICATION, DISTRIBUTION, ETC. (IMPRINT)
Place of publication New Delhi
Name of publisher New Age Pub.
Year of publication 2003
300 ## - PHYSICAL DESCRIPTION
Number of Pages 506
650 ## - SUBJECT ADDED ENTRY--TOPICAL TERM
Topical Term BB-CSE
942 ## - ADDED ENTRY ELEMENTS (KOHA)
Source of classification or shelving scheme Dewey Decimal Classification
Koha item type Books
Holdings
Accession Number Source of acquisition Price effective from Koha item type Withdrawn / writtenoff status Damaged status Not for loan Permanent Location Current Location Shelving location Date acquired Lost/ Missing status department
BB 1485 Donated By Dr. Ashok Kumar, Dean Academic affairs 09/24/2024 Books       MIET Library, Jammu MIET Library, Jammu 73/6 09/03/2024   BB